000 00810nam a2200241 a 4500
001 000027091
005 20240524204944.0
008 110329s1981 dr 000 0 spa d
040 _aDO-SdBNP
_bspa
_cBNPHU
082 _a346.082
_bR426b
110 1 _aRepública Dominicana.
_9447
240 1 0 _a[Leyes, etc.]
245 1 0 _aBancos :
_bbase legal.
260 _aSanto Domingo :
_bINCAT,
_c1981.
300 _a134 p. ;
_c21 cm.
490 1 _aLegislativa
_v2
590 _aInventariado, 2018/LP
650 0 _aDerecho bancario
_97013
710 2 _aRepública Dominicana.
_bSecretaría de Estado de Finanzas.
_bInstituto de Capacitación Tributaria.
_99333
710 2 _aRepública Dominicana.
_bSuperintendencia de Bancos
_937256
830 0 _aLegislativa;
_n2
_954167
910 _aValidado. Control de calidad MFF
999 _c26583
_d26583